Sports Quiz

Random Sports or Football Quiz

Metallic Football Clubs Quiz Stats

 Plays Quiz not verified by Sporcle

Challenge
Share
Tweet
Embed
Score 0/10 Timer 05:00
0 Plays Today
% Correct
Kharkiv
90.9%
Zaporizhya
81.8%
Donetsk
63.6%
Oskol
45.5%
Lipetsk
40.9%
Bekabad
40.9%
Liepājas
40.9%
Vyksa
36.4%
Skopje
31.8%
Asha
27.3%

You're not logged in!

Compare scores with friends on all Sporcle quizzes.
Join for Free
OR
Log In

You Might Also Like...

Show Comments

Extras

Top Quizzes Today


Score Distribution

Your Account Isn't Verified!

In order to create a playlist on Sporcle, you need to verify the email address you used during registration. Go to your Sporcle Settings to finish the process.

Report this User

Report this user for behavior that violates our Community Guidelines.

Details: